Intra-industry trade and export concentration in Central and Eastern Europe

Uložené v:
Podrobná bibliografia
Hlavný autor: Grančay, Martin, 1984-2024
Médium: Kapitola
Jazyk:English
Tagy: Pridať tag
Žiadne tagy, Buďte prvý, kto otaguje tento záznam!

MARC

LEADER 00000naa$a2200000$$$4500
001 0184230
005 20240502083435.2
041 0 |a eng 
044 |a HU 
245 1 0 |a Intra-industry trade and export concentration in Central and Eastern Europe  |c Martin Grančay 
100 1 |a Grančay, Martin, 1984-2024